00483nam a2200193 a 4500001001300000003000900013005001700022008004100039020001200080082001300092100001700105245003700122260004200159300000900201500003500210505001000245650001700255700001700272nice12345678IN_TiNIC20260116011933.0050524s1968 lona grp 000 0 eng  ac140.700a201bCOB aCobb, John B aStructure of Christian Existence aLondonbLutterworth Educationalc1968 a160p aincludes index and biblioraphy2 aIndex aChristianity1 aCobb, John B